The leper's return (Record no. 56400)

MARC details
000 -LEADER
fixed length control field 00597nam a2200193Ia 4500
008 - FIXED-LENGTH DATA ELEMENTS--GENERAL INFORMATION
fixed length control field 191130s1999##################000#0#eng##
020 ## - INTERNATIONAL STANDARD BOOK NUMBER
ISBN 9780747259510
Paper back/Hardbound pbk
041 ## - LANGUAGE CODE
Language code of text/sound track or separate title eng
082 ## - DEWEY DECIMAL CLASSIFICATION NUMBER
Classification number 823.914 JEC
100 ## - MAIN ENTRY--AUTHOR NAME
Personal name Jecks, Michael
245 ## - TITLE STATEMENT
Title The leper's return
Statement of responsibility, etc Michael Jecks
260 ## - PUBLICATION, DISTRIBUTION, ETC. (IMPRINT)
Place of publication London
Name of publisher Headline
Year of publication 1999
300 ## - PHYSICAL DESCRIPTION
Number of Pages xii, 340 p. ; 18 cm
650 ## - SUBJECT ADDED ENTRY--TOPICAL TERM
Topical Term England -- Social conditions -- 1066-1485 -- Fiction
Topical Term Leprosy -- Patients -- England -- Social conditions -- Fiction
Topical Term West County (England) -- Fiction
942 ## - ADDED ENTRY ELEMENTS (KOHA)
Koha item type English Books
Holdings
Withdrawn status Lost status Damaged status Not for loan Home library Current library Shelving location Date acquired Full call number Accession Number Price effective from Koha item type
        Anna Centenary Library Anna Centenary Library 4TH FLOOR, B WING 09.10.2020 823.914 JEC 364899 09.10.2020 English Books

Find us on the map